| 000 | 01250nam a2200277 i 4500 | ||
|---|---|---|---|
| 003 | EG-ScBUE | ||
| 005 | 20231123103737.0 | ||
| 008 | 110913s1991 su a f b 000 0 ara d | ||
| 040 |
_aEG-ScBUE _bara _erda _cEG-ScBUE _dEG-ScBUE |
||
| 043 | _aa-su--- | ||
| 082 | 0 | 4 |
_222 _a953.8053 _bف ا ر |
| 100 | 1 |
_927168 _aفارسي، فؤاد عبد السلام، _d1944- _eمؤلف. |
|
| 245 | 1 | 2 |
_aالأصالة والمعاصرة : _bالمعادلة السعودية / _cبقلم د. فؤاد عبد السلام الفارسي. |
| 264 | 1 |
_a[جدة] : _b[شركة المدينة النورة للطباعة والنشر]، _c[1991] |
|
| 300 |
_a484 صفحة : _bإيضاحيات ؛ _c24 سم |
||
| 336 |
_2rdacontent _aنص _btxt |
||
| 337 |
_aبدون وسيط _2rdamedia _bn |
||
| 338 |
_aمجلد _bnc _2rdacarrier |
||
| 504 | _aيشتمل على إرجاعات ببليوجرافية. | ||
| 651 | 7 |
_2BUEsh _aالسعودية _xتاريخ _yالعصر الحديث _yفهد بن عبد العزيز (1402-1426 هـ/1982-2005 م.). |
|
| 651 | 7 |
_2BUEsh _aالسعودية _xأحوال سياسية. |
|
| 651 | 7 |
_2BUEsh _aالسعودية _xأحوال اقتصادية. |
|
| 653 | _cSeptember2011 | ||
| 655 | _vReading book | ||
| 942 |
_2ddc _cBB |
||
| 999 |
_c16022 _d16022 |
||